Integración centroamericana y absorción de mano de obra

Shranjeno v:
Bibliografske podrobnosti
Glavni avtor: Camacho Monge, Daniel
Format: Texto
Izdano: San José :
Teme:
Oznake: Označite
Brez oznak, prvi označite!

MARC

LEADER 00000 a a2200000 04500
001 17367
003
040
090 |a 020200  
100 |a Camacho Monge, Daniel  
245 |a Integración centroamericana y absorción de mano de obra  
260 |a San José :  
300 |a 35 p.  
650 |a INTEGRACION REGIONAL  
650 |a MANO DE OBRA  
999 |c 16566  |d 16566